Prueba de Córdoba (ARG) - Estadísticas

Estadísticas generales
  • Esta prueba ha sido intentada 67 veces
  • La puntuación promedio es 11 de 18
Estadísticas de respuestas
Pregunta Respuesta % Correcto
Capital Córdoba
100%
Gentilicio Cordobés
95%
Destino turístico verniego con un gran reloj Cucú Villa Carlos Paz
82%
Supuestamente se vieron estes objetos en Capilla del Monte, lo que causaría un impulso visitar Ovni
79%
El quinto lago salado endorreico más grande de la Tierra Laguna Mar Chiquita
74%
Cantante de «¿Quién se ha tomado todo el vino?» y «Beso a beso» La Mona Jiménez
74%
Persona que le da nombre a ese edificio Mario Alberto Kempes
70%
Segunda ciudad más poblada Río Cuarto
70%
Acción obrera de 1969 Cordobazo
65%
Orden religiosa cuya manzana es Patrimonio Mundial de la Unesco Compañía de Jesús
63%
Tema de la Fiesta Nacional de Jesús María Doma y folklore
61%
¿Qué edificio deportivo tiene Córdoba que es el segundo más grande del país? Estadio
61%
Este encauzamiento (o arroyo) es emblemático La Cañada
42%
Animal que aparece en el nombre de uno de sus parques nacionales Cóndor
39%
Este político vivió entre 1930 y 1947 en Alta Gracias Che Guevara
37%
"Pueblo Peatonal" con restricción vehicular en valle de Calamuchita La Cumbrecita
32%
Región italiana que es fuente de muchos habitantes; es su región hermanada Piamonte
30%
Emblemática ruta llevando el nombre de Jorge Raúl Recalde Camino de las Altas Cumbres (RP 34)
26%
No se encontraron pruebas coincidentes
Distribución de puntuación
Porcentaje de gente con cada puntuación
Porcentaje por número respondido
Historial de tus puntuaciones
No has intentado esta prueba.